[Event "19th Asia-ch (w)"]
[Site "Al-Ain UAE"]
[Date "2015.08.02"]
[Round "1.1"]
[White "Tan Zhongyi"]
[Black "Le Kieu Thien Kim"]
[Result "1-0"]
[WhiteElo "2512"]
[BlackElo "2226"]
[EventDate "2015.08.02"]
[PlyCount "61"]

1.d4 d5 2.c4 e6 3.Nc3 Nf6 4.cxd5 exd5 5.Bg5 Be7 6.e3 c6 7.Bd3 Nbd7 8.Nf3 
O-O 9.h3 Re8 10.O-O h6 11.Bf4 Nf8 12.Qc2 Bd6 13.Bxd6 Qxd6 14.Rab1 Be6 15.
b4 a6 16.Rfc1 N8d7 17.Na4 b5 18.Nc5 Rec8 19.Nb7 Qb8 20.Na5 Qb6 21.Nd2 c5 
22.dxc5 Nxc5 23.bxc5 Qxa5 24.Nb3 Qd8 25.Nd4 Nd7 26.c6 Ne5 27.f4 Nc4 28.f5 
Qg5 29.Qf2 Ne5 30.Be2 Bxf5 31.h4 1-0

[Event "19th Asia-ch (w)"]
[Site "Al-Ain UAE"]
[Date "2015.08.02"]
[Round "1.2"]
[White "Nguyen Thi Thanh An"]
[Black "Padmini, Rout"]
[Result "0-1"]
[WhiteElo "2219"]
[BlackElo "2444"]
[EventDate "2015.08.02"]
[PlyCount "102"]

1.d4 Nf6 2.c4 g6 3.Nc3 d5 4.Nf3 Bg7 5.e3 O-O 6.b4 a5 7.b5 c5 8.dxc5 a4 9.
Bd2 Nbd7 10.c6 bxc6 11.Nd4 cxb5 12.Nc6 Qe8 13.cxd5 Nb6 14.Bxb5 Nfxd5 15.
Nxd5 Nxd5 16.Rc1 Bd7 17.O-O Kh8 18.Rc5 Nc7 19.Bxa4 f5 20.Rc4 Nd5 21.Na5 
Bxa4 22.Qxa4 Qxa4 23.Rxa4 Rfb8 24.Nc6 Rxa4 25.Nxb8 Rxa2 26.Rd1 Bc3 27.
Bxc3+ Nxc3 28.Re1 Kg7 29.Nc6 Kf6 30.Nd4 e5 31.Nf3 g5 32.h3 g4 33.hxg4 fxg4
34.Nh4 h5 35.g3 Ne4 36.Rf1 Ng5 37.Kg2 Nh3 38.Nf3 gxf3+ 39.Kxh3 Kg5 40.Kh2 
Kf5 41.Kh3 Ke4 42.Kh4 Kd3 43.Kxh5 Ke2 44.Rh1 Ra8 45.Kg4 Rf8 46.Rh2 e4 47.
Kg5 Kf1 48.Rh4 Kxf2 49.Rxe4 Kxg3 50.Ra4 f2 51.Ra1 Re8 0-1

[Event "19th Asia-ch (w)"]
[Site "Al-Ain UAE"]
[Date "2015.08.02"]
[Round "1.3"]
[White "Shen Yang"]
[Black "Hakimifard, Ghazal"]
[Result "1-0"]
[WhiteElo "2443"]
[BlackElo "2219"]
[EventDate "2015.08.02"]
[PlyCount "117"]

1.d4 Nf6 2.c4 e6 3.Nc3 Bb4 4.Qc2 c5 5.dxc5 O-O 6.Nf3 Na6 7.g3 Nxc5 8.Bg2 
Nce4 9.O-O Nxc3 10.bxc3 Be7 11.e4 d6 12.e5 dxe5 13.Nxe5 Qc7 14.Qe2 Bd6 15.
Bf4 Ne8 16.Rab1 f6 17.Nd3 Qxc4 18.Bxb7 Bxb7 19.Rxb7 Bxf4 20.Nxf4 Qxe2 21.
Nxe2 Rf7 22.Rfb1 Nd6 23.Rb8+ Rxb8 24.Rxb8+ Rf8 25.Rb4 Rc8 26.f4 Kf7 27.Kf2
e5 28.Ra4 Rc7 29.Ke3 Nc4+ 30.Ke4 Ke6 31.Ra6+ Nd6+ 32.Ke3 Kd5 33.fxe5 Nc4+ 
34.Kd3 fxe5 35.Nc1 Rf7 36.Ke2 e4 37.Ke1 e3 38.Nd3 Rb7 39.Ke2 Rb1 40.Rxa7 
Rh1 41.h4 Rh2+ 42.Kf3 Rd2 43.Nf4+ Kd6 44.Ne2 g6 45.g4 h5 46.g5 Kc5 47.a4 
Kb6 48.Re7 Ka5 49.Rc7 Nd6 50.Kxe3 Rd1 51.Nd4 Rh1 52.Rc5+ Kxa4 53.Rc6 Nf5+ 
54.Nxf5 gxf5 55.Kf4 Rxh4+ 56.Kxf5 Rh1 57.g6 h4 58.g7 Rf1+ 59.Ke6 1-0

[Event "19th Asia-ch (w)"]
[Site "Al-Ain UAE"]
[Date "2015.08.02"]
[Round "1.4"]
[White "Otgonjargal, Sengeravdan"]
[Black "Lei Tingjie"]
[Result "1-0"]
[WhiteElo "2213"]
[BlackElo "2436"]
[EventDate "2015.08.02"]
[PlyCount "51"]

1.e4 c5 2.Nf3 e6 3.d4 cxd4 4.Nxd4 Nc6 5.Be3 Nf6 6.Bd3 d5 7.Nxc6 bxc6 8.e5 
Nd7 9.f4 Bc5 10.Bxc5 Nxc5 11.Nc3 Qb6 12.Rb1 O-O 13.Qe2 Rb8 14.g4 Nxd3+ 15.
cxd3 Ba6 16.Rf1 Qd4 17.Rf3 f6 18.exf6 Rxf6 19.Kd2 Rxf4 20.Qxe6+ Kh8 21.Qd6
Qf2+ 22.Rxf2 Rxf2+ 23.Ne2 Rbf8 24.Qxc6 Bc8 25.h3 h6 26.Rc1 1-0

[Event "19th Asia-ch (w)"]
[Site "Al-Ain UAE"]
[Date "2015.08.02"]
[Round "1.5"]
[White "Khademalsharieh, Sarasadat"]
[Black "Pratyusha, Bodda"]
[Result "1-0"]
[WhiteElo "2412"]
[BlackElo "2194"]
[EventDate "2015.08.02"]
[PlyCount "99"]

1.d4 d5 2.c4 c6 3.cxd5 cxd5 4.Bf4 Nc6 5.e3 Nf6 6.Nc3 Bg4 7.Qb3 Na5 8.Qa4+ 
Bd7 9.Qc2 e6 10.Bd3 Be7 11.h3 a6 12.Nf3 h6 13.a3 b5 14.O-O O-O 15.Rfc1 Qb6
16.Ne5 Rac8 17.Qd1 Be8 18.Bg3 Nd7 19.e4 Bg5 20.Nxd7 Bxd7 21.f4 Be7 22.Bf2 
Bc6 23.e5 b4 24.Na4 Bxa4 25.Qxa4 bxa3 26.bxa3 Qb3 27.Rxc8 Rxc8 28.Qd7 Rf8 
29.Bxa6 Bxa3 30.f5 Qb2 31.Rf1 Qb6 32.Bd3 Qc6 33.fxe6 fxe6 34.Bb5 Qb6 35.
Be3 Rxf1+ 36.Bxf1 Nc4 37.Qe8+ Bf8 38.Bf2 Nd2 39.Bd3 Ne4 40.Be3 Qa5 41.
Qxe6+ Kh8 42.Bxe4 Qe1+ 43.Kh2 Qxe3 44.Qxd5 Qf4+ 45.g3 Qf2+ 46.Bg2 Bb4 47.
Qa8+ Kh7 48.Qe4+ Kh8 49.h4 Bc3 50.e6 1-0

[Event "19th Asia-ch (w)"]
[Site "Al-Ain UAE"]
[Date "2015.08.02"]
[Round "1.6"]
[White "Ankhchimeg, Bayanmunkh"]
[Black "Aulia, Medina Warda"]
[Result "0-1"]
[WhiteElo "2180"]
[BlackElo "2412"]
[EventDate "2015.08.02"]
[PlyCount "58"]

1.e4 e6 2.d4 d5 3.exd5 exd5 4.Nf3 Bd6 5.c4 dxc4 6.Bxc4 Nf6 7.O-O O-O 8.Bg5
h6 9.Bh4 Nbd7 10.Nc3 c6 11.Re1 Qa5 12.Bg3 Bxg3 13.hxg3 Nb6 14.Bb3 Bg4 15.
Re7 Rad8 16.Rxb7 c5 17.Qd3 Bc8 18.Rc7 Nbd7 19.Rc6 Bb7 20.Rd6 Rc8 21.Ne5 
Nxe5 22.dxe5 c4 23.Bxc4 Qxe5 24.Qd4 Qa5 25.Re1 Rfe8 26.Rc1 Qh5 27.Rd1 Rc5 
28.Qf4 Ng4 29.f3 Qh2+ 0-1

[Event "19th Asia-ch (w)"]
[Site "Al-Ain UAE"]
[Date "2015.08.02"]
[Round "1.7"]
[White "Karavade, Eesha"]
[Black "Asgarizadeh, Minoo"]
[Result "1-0"]
[WhiteElo "2409"]
[BlackElo "2180"]
[EventDate "2015.08.02"]
[PlyCount "119"]

1.Nf3 Nf6 2.c4 g6 3.b3 Bg7 4.Bb2 O-O 5.g3 c6 6.Bg2 d5 7.O-O a5 8.d3 a4 9.
Nbd2 axb3 10.Qxb3 Nbd7 11.Rfb1 Re8 12.cxd5 cxd5 13.Nd4 e5 14.Nb5 Nc5 15.
Qc2 b6 16.Nf3 e4 17.dxe4 dxe4 18.Rd1 Qe7 19.Ne5 Be6 20.Nc6 Qb7 21.Ncd4 
Red8 22.Nxe6 Rxd1+ 23.Rxd1 fxe6 24.Nd6 Qa7 25.Bxf6 Bxf6 26.Nxe4 Nxe4 27.
Qxe4 Re8 28.Qc4 Qe7 29.Bc6 Rc8 30.Rd7 Qxd7 31.Bxd7 Rxc4 32.Bxe6+ Kf8 33.
Bxc4 Ke7 34.e4 g5 35.Kg2 Be5 36.Kf3 Bd4 37.h3 Kf6 38.Bg8 h6 39.Kg2 Ke5 40.
Bh7 Bc3 41.Kf3 Bd4 42.Kg2 Bc3 43.h4 gxh4 44.f4+ Kd4 45.e5 hxg3 46.Kxg3 Kd5
47.Kg4 Bd2 48.Kf5 Bc1 49.Bg6 Bd2 50.Bf7+ Kc6 51.Ke4 Kd7 52.f5 Ke7 53.Bh5 
Bc3 54.f6+ Ke6 55.Bg4+ Kf7 56.Kf5 Kf8 57.e6 Bb4 58.Bh5 Bc5 59.Kg6 b5 60.
Kxh6 1-0

[Event "19th Asia-ch (w)"]
[Site "Al-Ain UAE"]
[Date "2015.08.02"]
[Round "1.8"]
[White "Shamima, Akter Liza"]
[Black "Zhai Mo"]
[Result "0-1"]
[WhiteElo "2155"]
[BlackElo "2406"]
[EventDate "2015.08.02"]
[PlyCount "44"]

1.d4 Nf6 2.c4 e6 3.Nc3 Bb4 4.Bg5 h6 5.Bh4 c5 6.d5 b5 7.e3 bxc4 8.Bxc4 Bb7 
9.a3 Bxc3+ 10.bxc3 exd5 11.Ba2 d6 12.Rb1 Bc6 13.Bxd5 Bxd5 14.Bxf6 Qxf6 15.
Qxd5 O-O 16.Rb7 Qxc3+ 17.Ke2 Qxa3 18.Nf3 Qa6+ 19.Kd2 Nc6 20.Rd7 Rab8 21.
Ne1 Rb2+ 22.Nc2 Rxc2+ 0-1

[Event "19th Asia-ch (w)"]
[Site "Al-Ain UAE"]
[Date "2015.08.02"]
[Round "1.9"]
[White "Saduakasova, Dinara"]
[Black "Al-Rufei, Eman Hassane"]
[Result "1-0"]
[WhiteElo "2401"]
[BlackElo "2088"]
[EventDate "2015.08.02"]
[PlyCount "79"]

1.d4 d5 2.c4 e6 3.Nc3 Nf6 4.Nf3 Be7 5.Bf4 c6 6.e3 O-O 7.Qc2 Nbd7 8.h3 h6 
9.Rd1 Re8 10.Bd3 dxc4 11.Bxc4 Nb6 12.Be2 Bd6 13.Bxd6 Qxd6 14.e4 Qe7 15.O-O
Bd7 16.e5 Nfd5 17.Qe4 c5 18.Bd3 f5 19.exf6 Nxf6 20.Qxb7 c4 21.Bb1 Qb4 22.
Rd2 Bc8 23.Qc7 Nbd5 24.Nxd5 Nxd5 25.Qg3 Bb7 26.Re2 c3 27.Ne5 Re7 28.Qd3 
Nf6 29.bxc3 Qa5 30.Ng6 Ree8 31.Re5 Qa4 32.Rfe1 Qc6 33.Qg3 Rac8 34.Rc5 Qb6 
35.Rxc8 Bxc8 36.Nf4 Qc7 37.Re5 Qb7 38.Qg6 Qf7 39.Qxf7+ Kxf7 40.Bg6+ 1-0

[Event "19th Asia-ch (w)"]
[Site "Al-Ain UAE"]
[Date "2015.08.02"]
[Round "1.10"]
[White "Hakimifard, Raana"]
[Black "Tania, Sachdev"]
[Result "1-0"]
[WhiteElo "2084"]
[BlackElo "2390"]
[EventDate "2015.08.02"]
[PlyCount "71"]

1.e4 e5 2.Nf3 Nc6 3.Bc4 Nf6 4.d3 Be7 5.c3 O-O 6.O-O d6 7.Bb3 Be6 8.Nbd2 d5
9.Re1 dxe4 10.dxe4 Qe8 11.Nc4 Nd7 12.Bg5 Qd8 13.Be3 a6 14.h3 h6 15.Qc2 Qc8
16.Rad1 Re8 17.Bc1 Bf8 18.Ne3 Bxb3 19.axb3 Nc5 20.Ng4 h5 21.Ne3 a5 22.Nd5 
Nd7 23.Qd2 Nb6 24.Qg5 Nxd5 25.exd5 f6 26.Qxh5 Ne7 27.Nh4 Rd8 28.c4 b5 29.
Re3 a4 30.Rg3 axb3 31.Bh6 Rd6 32.c5 Rxd5 33.Rxd5 Nxd5 34.Bxg7 Bxg7 35.Nf5 
Qd7 36.Qh6 1-0

[Event "19th Asia-ch (w)"]
[Site "Al-Ain UAE"]
[Date "2015.08.02"]
[Round "1.11"]
[White "Zhang Xiaowen"]
[Black "Chu Ruotong"]
[Result "1-0"]
[WhiteElo "2376"]
[BlackElo "2048"]
[EventDate "2015.08.02"]
[PlyCount "69"]

1.e4 c5 2.Nf3 e6 3.d4 cxd4 4.Nxd4 Nc6 5.Nc3 Qc7 6.Be2 a6 7.O-O Nf6 8.Be3 
Be7 9.f4 d6 10.Qe1 O-O 11.Qg3 Nxd4 12.Bxd4 b5 13.a3 Bb7 14.Kh1 Rad8 15.Bd3
Rd7 16.Rae1 Re8 17.a4 b4 18.Na2 Qa5 19.Nc1 Qxa4 20.Nb3 Qc6 21.Na5 Qc7 22.
Nxb7 Qxb7 23.Qh3 h6 24.Re3 Bd8 25.Rg3 Kf8 26.e5 dxe5 27.Bc5+ Be7 28.fxe5 
Ne4 29.Rxf7+ Kxf7 30.Qh5+ Kf8 31.Rf3+ Kg8 32.Qxe8+ Kh7 33.Bd6 Bxd6 34.exd6
Rxd6 35.Rf8 1-0

[Event "19th Asia-ch (w)"]
[Site "Al-Ain UAE"]
[Date "2015.08.02"]
[Round "1.12"]
[White "Antonova, Nadezhda"]
[Black "Li Ruofan"]
[Result "1/2-1/2"]
[WhiteElo "2011"]
[BlackElo "2374"]
[EventDate "2015.08.02"]
[PlyCount "57"]

1.d4 Nf6 2.Nf3 e6 3.Bf4 c5 4.c3 Qb6 5.Qc2 Nc6 6.e3 Be7 7.Nbd2 d5 8.h3 O-O 
9.Bd3 Bd7 10.O-O Rac8 11.dxc5 Qxc5 12.a3 a6 13.e4 dxe4 14.Nxe4 Nxe4 15.
Bxe4 f5 16.b4 Qb6 17.Bd3 Bf6 18.Rae1 Rfe8 19.Ne5 Nxe5 20.Bxe5 Bxe5 21.Rxe5
Qc7 22.Rc5 Bc6 23.Re1 b6 24.Rce5 Be4 25.f4 Qxc3 26.Qxc3 Rxc3 27.Bxe4 fxe4 
28.R5xe4 Rxa3 29.f5 1/2-1/2

[Event "19th Asia-ch (w)"]
[Site "Al-Ain UAE"]
[Date "2015.08.02"]
[Round "1.13"]
[White "Wang Jue"]
[Black "Liu Manli"]
[Result "1-0"]
[WhiteElo "2360"]
[BlackElo "1995"]
[EventDate "2015.08.02"]
[PlyCount "75"]

1.e4 c5 2.Nf3 Nc6 3.d4 cxd4 4.Nxd4 g6 5.c4 Nf6 6.Nc3 Nxd4 7.Qxd4 d6 8.f3 
Bg7 9.Be3 O-O 10.Qd2 Qa5 11.Rc1 Be6 12.Be2 Rfc8 13.b3 a6 14.Na4 Qxd2+ 15.
Kxd2 Rc6 16.Nb6 Rb8 17.a4 a5 18.g4 h5 19.h3 Kh7 20.Nd5 Re8 21.Nxf6+ Bxf6 
22.gxh5 gxh5 23.f4 h4 24.Bd3 Kh8 25.Rcg1 Rg8 26.Rxg8+ Kxg8 27.Rg1+ Kh8 28.
f5 Bd7 29.Bg5 Bxg5+ 30.Rxg5 Rc8 31.Rg4 Rg8 32.Rxh4+ Kg7 33.Rg4+ Kh7 34.e5 
Rxg4 35.hxg4 Kh6 36.f6 dxe5 37.fxe7 b6 38.c5 1-0

[Event "19th Asia-ch (w)"]
[Site "Al-Ain UAE"]
[Date "2015.08.02"]
[Round "1.14"]
[White "Al-Shaibi, Boshra"]
[Black "Vijayalakshmi, Subbaraman"]
[Result "0-1"]
[WhiteElo "1987"]
[BlackElo "2341"]
[EventDate "2015.08.02"]
[PlyCount "98"]

1.d4 Nf6 2.c4 e6 3.Nf3 b6 4.a3 Bb7 5.Nc3 g6 6.d5 Bg7 7.e4 O-O 8.Be2 c6 9.
Bg5 h6 10.Bh4 g5 11.Bg3 Na6 12.Bd6 Re8 13.e5 Nh7 14.dxe6 Rxe6 15.Nd4 Re8 
16.Nf5 Nc5 17.Bxc5 bxc5 18.Nd6 Rxe5 19.Nxb7 Qb6 20.Nd6 Qxb2 21.Rc1 Re6 22.
Nde4 Rae8 23.Rc2 Qxa3 24.O-O Rxe4 25.Nxe4 Rxe4 26.Qxd7 Qa4 27.Qc8+ Nf8 28.
Rd2 Qb4 29.Qxc6 Re6 30.Qd5 a5 31.Bh5 a4 32.Re2 a3 33.Bxf7+ Kxf7 34.f4 Ke7 
35.Rxe6+ Nxe6 36.f5 Bd4+ 37.Kh1 Nf4 38.Qa8 Qd2 39.Qb7+ Kf6 40.Qc6+ Kxf5 
41.h3 Qe3 42.Qd7+ Kg6 43.Rb1 Qe6 44.Qa4 Bb2 45.Qc2+ Qf5 46.Qd1 Nd3 47.Kg1 
a2 48.Rxb2 Nxb2 49.Qd6+ Qf6 0-1

[Event "19th Asia-ch (w)"]
[Site "Al-Ain UAE"]
[Date "2015.08.02"]
[Round "1.15"]
[White "Pourkashiyan, Atousa"]
[Black "Khalaji, Hanieh"]
[Result "1-0"]
[WhiteElo "2341"]
[BlackElo "1965"]
[EventDate "2015.08.02"]
[PlyCount "47"]

1.e4 c6 2.d4 d5 3.Nd2 dxe4 4.Nxe4 Bf5 5.Ng3 Bg6 6.h4 h6 7.Nf3 Nd7 8.h5 Bh7
9.Bd3 Bxd3 10.Qxd3 Ngf6 11.Bd2 e6 12.O-O-O Be7 13.Qe2 Rc8 14.Kb1 b5 15.Ne5
Nb6 16.f4 Qd5 17.f5 Na4 18.fxe6 Qxe6 19.Qf3 O-O 20.Nf5 Rfe8 21.Bxh6 Bf8 
22.Nxg7 Bxg7 23.Qg3 Ng4 24.Bxg7 1-0

[Event "19th Asia-ch (w)"]
[Site "Al-Ain UAE"]
[Date "2015.08.02"]
[Round "1.16"]
[White "Mir Mahmoud, Afamia"]
[Black "Pham Le Thao Nguyen"]
[Result "0-1"]
[WhiteElo "1949"]
[BlackElo "2332"]
[EventDate "2015.08.02"]
[PlyCount "98"]

1.d4 d5 2.c4 c6 3.Nf3 Nf6 4.Nc3 a6 5.c5 Nbd7 6.e3 Qc7 7.Be2 e5 8.O-O Be7 
9.b4 O-O 10.Bb2 Re8 11.a4 exd4 12.exd4 Ne4 13.Bd3 Ndf6 14.Qc2 Bf5 15.Ne5 
Nxc3 16.Bxf5 Nce4 17.f3 Ng5 18.Rfe1 Bf8 19.Re2 g6 20.Qd2 Bh6 21.Kh1 gxf5 
22.h4 Nh5 23.hxg5 Ng3+ 24.Kh2 Nxe2 25.gxh6 f6 26.Qxe2 fxe5 27.dxe5 Re6 28.
Qe3 Rf8 29.f4 Rxh6+ 30.Kg1 Qe7 31.Re1 Kf7 32.Qd3 Ke6 33.Re3 Rg8 34.Rh3 
Rhg6 35.g3 h5 36.Kf2 h4 37.Rxh4 Qxh4 38.gxh4 Rg2+ 39.Kf1 Rg1+ 40.Kf2 R8g2+
41.Ke3 Rg3+ 42.Kd4 Rxd3+ 43.Kxd3 Rf1 44.Ke3 Rh1 45.a5 Rxh4 46.Bd4 Rh3+ 47.
Kd2 Rf3 48.Be3 d4 49.Bxd4 Rxf4 0-1

[Event "19th Asia-ch (w)"]
[Site "Al-Ain UAE"]
[Date "2015.08.02"]
[Round "1.17"]
[White "Nakhbaeva, Guliskhan"]
[Black "Nouman, Amna"]
[Result "1-0"]
[WhiteElo "2327"]
[BlackElo "1935"]
[EventDate "2015.08.02"]
[PlyCount "103"]

1.d4 Nf6 2.c4 e6 3.Nc3 Bb4 4.e3 c5 5.Ne2 cxd4 6.exd4 d5 7.a3 Bxc3+ 8.Nxc3 
h6 9.c5 O-O 10.Bf4 Bd7 11.Be2 Re8 12.O-O b6 13.Nb5 bxc5 14.Nc7 cxd4 15.
Nxe8 Bxe8 16.Bxb8 Qxb8 17.Qxd4 e5 18.Qd2 Qb6 19.Rac1 a5 20.b4 axb4 21.axb4
Bc6 22.Qe3 d4 23.Qxe5 Bd5 24.Bc4 Re8 25.Qf5 Rd8 26.Bxd5 Nxd5 27.Rc8 g6 28.
Qd7 Rxc8 29.Qxc8+ Kg7 30.Qc5 Qxc5 31.bxc5 Kf6 32.Rd1 Nc7 33.c6 Ne6 34.Rc1 
Nc7 35.Kf1 Ke6 36.Ke2 Kd6 37.Kd3 Ne6 38.g3 Kc7 39.Ke4 Kd6 40.f4 h5 41.Rc2 
f5+ 42.Kd3 Kc7 43.Re2 Nd8 44.Re8 Nxc6 45.Re6 Kb6 46.Rxg6 Kc5 47.Rxc6+ Kxc6
48.Kxd4 Kd6 49.h3 Ke6 50.Kc5 Ke7 51.Kd5 Kf6 52.Kd6 1-0

[Event "19th Asia-ch (w)"]
[Site "Al-Ain UAE"]
[Date "2015.08.02"]
[Round "1.18"]
[White "Al-Gildah, Nibal"]
[Black "Soumya, Swaminathan"]
[Result "0-1"]
[WhiteElo "1920"]
[BlackElo "2325"]
[EventDate "2015.08.02"]
[PlyCount "38"]

1.d4 Nf6 2.Nf3 g6 3.c3 Bg7 4.Nbd2 O-O 5.e4 d6 6.Be2 c5 7.d5 e6 8.dxe6 Bxe6
9.e5 dxe5 10.Nxe5 Nd5 11.Ndf3 Qc7 12.Nd3 c4 13.Nb4 Nxb4 14.cxb4 c3 15.Nd4 
Rd8 16.Be3 cxb2 17.Rb1 Qc3+ 18.Qd2 Qxd2+ 19.Kxd2 Nc6 0-1

[Event "19th Asia-ch (w)"]
[Site "Al-Ain UAE"]
[Date "2015.08.02"]
[Round "1.19"]
[White "Hejazipour, Mitra"]
[Black "Al-Attar, Ghaya"]
[Result "1-0"]
[WhiteElo "2321"]
[BlackElo "1913"]
[EventDate "2015.08.02"]
[PlyCount "97"]

1.d4 Nf6 2.c4 c5 3.d5 b5 4.cxb5 a6 5.bxa6 Bxa6 6.Nc3 g6 7.Nf3 d6 8.e4 Bxf1
9.Kxf1 Bg7 10.g3 O-O 11.Kg2 Na6 12.Qe2 Nd7 13.h4 h5 14.Bf4 Qb8 15.a4 Rc8 
16.Rhd1 Nb4 17.Nb5 c4 18.Nfd4 Bxd4 19.Rxd4 Nd3 20.Bg5 f6 21.Be3 N7e5 22.f4
Ng4 23.Bg1 Rxa4 24.Rxa4 Qxb5 25.Ra1 Rb8 26.Rb1 Qb3 27.Qd1 Qa2 28.Qc2 Rxb2 
29.Rxb2 Qxb2 30.Qxb2 Nxb2 31.Rd2 c3 32.Rc2 Nd1 33.Kf3 f5 34.exf5 gxf5 35.
Bd4 Kf7 36.Ke2 Nb2 37.Rxc3 Na4 38.Rc4 Nc5 39.Bxc5 dxc5 40.Rxc5 Nf6 41.d6 
exd6 42.Rxf5 Ke6 43.Ra5 Ne4 44.f5+ Kf6 45.Kf3 Nd2+ 46.Kf4 Nc4 47.Rd5 Ke7 
48.Kg5 Ne3 49.Rd3 1-0

[Event "19th Asia-ch (w)"]
[Site "Al-Ain UAE"]
[Date "2015.08.02"]
[Round "1.20"]
[White "Alymbay, Kyzy Aizhan"]
[Black "Gomes, Mary Ann"]
[Result "0-1"]
[WhiteElo "1903"]
[BlackElo "2314"]
[EventDate "2015.08.02"]
[PlyCount "114"]

1.e4 c5 2.Nf3 d6 3.d4 cxd4 4.Nxd4 Nf6 5.Nc3 a6 6.Be2 e5 7.Nb3 Be7 8.O-O 
O-O 9.Be3 Be6 10.f4 exf4 11.Bxf4 Nc6 12.Kh1 Rc8 13.Nd4 Nxd4 14.Qxd4 Ne8 
15.Rad1 Qa5 16.e5 dxe5 17.Bxe5 Rd8 18.Qe3 Rxd1 19.Rxd1 Bf6 20.Bxf6 Nxf6 
21.a3 Rc8 22.h3 Qc7 23.Bf3 Bf5 24.Re1 h6 25.Qf2 b5 26.Bd5 Bg6 27.Bb3 Rd8 
28.Kg1 Rd7 29.Qe2 Kh7 30.Rd1 Re7 31.Qf2 Qe5 32.Rd2 Qg5 33.Rd1 Bh5 34.Re1 
Rd7 35.Qe3 Qxe3+ 36.Rxe3 g5 37.Rd3 Bg6 38.Rxd7 Nxd7 39.Bd5 Kg7 40.Be4 Bxe4
41.Nxe4 f5 42.Nc3 Nb6 43.b3 Kf6 44.Kf2 Ke5 45.Ke3 h5 46.g3 Nc8 47.Na2 a5 
48.Nc3 Nd6 49.Kf3 g4+ 50.Kg2 Kd4 51.Nd1 Ne4 52.h4 Nc3 53.Nb2 Nd5 54.a4 
bxa4 55.Nxa4 Ne3+ 56.Kf2 Nxc2 57.Nb6 Na1 0-1

[Event "19th Asia-ch (w)"]
[Site "Al-Ain UAE"]
[Date "2015.08.02"]
[Round "1.21"]
[White "Dauletova, Gulmira"]
[Black "Hong Xing"]
[Result "1-0"]
[WhiteElo "2278"]
[BlackElo "1882"]
[EventDate "2015.08.02"]
[PlyCount "59"]

1.e4 c5 2.Nf3 e6 3.d4 cxd4 4.Nxd4 Nf6 5.Nc3 Nc6 6.Be2 Bb4 7.O-O O-O 8.Nxc6
dxc6 9.e5 Bxc3 10.bxc3 Ne4 11.Bd3 Nxc3 12.Qh5 g6 13.Qh6 f5 14.Bb2 Na4 15.
Ba3 Rf7 16.Bc4 Bd7 17.Rad1 Qe8 18.Bb3 c5 19.Rd6 b6 20.Qd2 c4 21.Bxc4 Qc8 
22.Bb3 Kg7 23.Rd1 Nc3 24.Rxd7 Nxd1 25.Rxf7+ Kxf7 26.Qxd1 Qc7 27.Bd6 Qc3 
28.h4 b5 29.Qc1 Qd4 30.Qg5 1-0

[Event "19th Asia-ch (w)"]
[Site "Al-Ain UAE"]
[Date "2015.08.02"]
[Round "1.22"]
[White "Al-Zarouni, Kholoud Essa"]
[Black "Enkhtuul, Altanulzii"]
[Result "1/2-1/2"]
[WhiteElo "1840"]
[BlackElo "2269"]
[EventDate "2015.08.02"]
[PlyCount "128"]

1.e4 c5 2.c3 d5 3.exd5 Qxd5 4.d4 Nc6 5.Nf3 Bg4 6.Be2 e6 7.O-O Nf6 8.Be3 
cxd4 9.cxd4 Be7 10.Nc3 Qd8 11.Qb3 O-O 12.Rad1 Na5 13.Qc2 Rc8 14.Ne5 Bf5 
15.Qd2 Nd5 16.Nxd5 Qxd5 17.Bf3 Qb5 18.Rc1 f6 19.Be2 Qa4 20.b3 Qb4 21.Nd3 
Qxd2 22.Bxd2 Nc6 23.Be3 Ba3 24.Rcd1 Rfd8 25.g4 Bxd3 26.Bxd3 Nb4 27.Bc4 Nd5
28.Rfe1 b5 29.Bxd5 Rxd5 30.Bc1 Bxc1 31.Rxc1 Rxc1 32.Rxc1 Rxd4 33.Rc8+ Kf7 
34.Rc7+ Kg6 35.h3 a5 36.Rb7 b4 37.Ra7 Rd5 38.Kg2 h5 39.Kg3 hxg4 40.hxg4 e5
41.f3 Kh6 42.Kh4 Rd3 43.g5+ Kg6 44.gxf6 gxf6 45.Kg3 e4 46.Rxa5 Rxf3+ 47.
Kg2 Rc3 48.Ra4 f5 49.Rxb4 Kg5 50.Rc4 Rd3 51.Rc2 Kf4 52.b4 Ke3 53.b5 f4 54.
b6 f3+ 55.Kh2 Rd2+ 56.Rxd2 Kxd2 57.b7 f2 58.b8=Q f1=Q 59.Qb4+ Ke3 60.Qc5+ 
Ke2 61.Qc4+ Kf2 62.Qd4+ Kf3 63.Qf6+ Ke2 64.Qb2+ Ke3 1/2-1/2

[Event "19th Asia-ch (w)"]
[Site "Al-Ain UAE"]
[Date "2015.08.02"]
[Round "1.23"]
[White "Kurbonboeva, Sarvinoz"]
[Black "Li Yunshan"]
[Result "1-0"]
[WhiteElo "2264"]
[BlackElo "1835"]
[EventDate "2015.08.02"]
[PlyCount "65"]

1.d4 Nf6 2.c4 g6 3.Nc3 d5 4.cxd5 Nxd5 5.Bd2 Bg7 6.e4 Nxc3 7.Bxc3 O-O 8.Bc4
c5 9.d5 Qd6 10.Ne2 f5 11.exf5 Bxf5 12.O-O Nd7 13.Bxg7 Kxg7 14.Nc3 Ne5 15.
Qe2 Nxc4 16.Qxc4 e6 17.Rfe1 Rfe8 18.Nb5 Qb6 19.d6 Rad8 20.Nc7 Rf8 21.Rxe6 
Rxd6 22.Ne8+ Rxe8 23.Rxe8 Re6 24.Qc3+ Kh6 25.Rxe6 Bxe6 26.Re1 Bf5 27.Re7 
Qd6 28.Qe3+ g5 29.h4 Qd1+ 30.Kh2 Qg4 31.Qxg5+ Qxg5 32.hxg5+ Kxg5 33.Rxb7 
1-0

[Event "19th Asia-ch (w)"]
[Site "Al-Ain UAE"]
[Date "2015.08.02"]
[Round "1.24"]
[White "Al-Harmoudi, Mona"]
[Black "Kulkarni, Bhakti Pradip"]
[Result "0-1"]
[WhiteElo "1745"]
[BlackElo "2262"]
[EventDate "2015.08.02"]
[PlyCount "62"]

1.d4 Nf6 2.c4 g6 3.Nc3 Bg7 4.e4 d6 5.Bd3 O-O 6.Nf3 Bg4 7.Bg5 Bxf3 8.gxf3 
Nc6 9.d5 Nd4 10.Rc1 c5 11.f4 Qd7 12.Be2 Rfe8 13.e5 Qf5 14.O-O dxe5 15.Qd2 
h6 16.Bxf6 Bxf6 17.fxe5 Bxe5 18.Qxh6 Nxe2+ 19.Nxe2 Qg4+ 20.Ng3 Bf4 21.f3 
Qxg3+ 22.hxg3 Bxh6 23.Rc2 e6 24.Rd1 exd5 25.cxd5 Rad8 26.Kf1 Be3 27.Rd3 
Bd4 28.b4 b6 29.bxc5 bxc5 30.Ra3 Re7 31.Re2 Rb7 0-1

[Event "19th Asia-ch (w)"]
[Site "Al-Ain UAE"]
[Date "2015.08.02"]
[Round "1.25"]
[White "Mohota, Nisha"]
[Black "Asil, Odeh"]
[Result "1-0"]
[WhiteElo "2259"]
[BlackElo "1588"]
[EventDate "2015.08.02"]
[PlyCount "53"]

1.d4 d5 2.c4 c6 3.Nc3 Nf6 4.e3 Bf5 5.cxd5 Nxd5 6.Nf3 e6 7.Be2 Nd7 8.O-O 
Bd6 9.Bd3 Bg6 10.e4 Nxc3 11.bxc3 O-O 12.Rb1 Rb8 13.Bg5 f6 14.Be3 Qc7 15.h3
b6 16.Nh4 Bf7 17.f4 e5 18.Nf5 Rbd8 19.Qg4 g6 20.fxe5 fxe5 21.Nh6+ Kg7 22.
Nxf7 Rxf7 23.Bh6+ Kg8 24.Rxf7 Kxf7 25.Bc4+ Ke8 26.Qe6+ Be7 27.Qf7# 1-0

[Event "19th Asia-ch (w)"]
[Site "Al-Ain UAE"]
[Date "2015.08.02"]
[Round "1.26"]
[White "Ezizova, Bagul"]
[Black "Davletbaeva, Madina"]
[Result "0-1"]
[WhiteElo "1518"]
[BlackElo "2243"]
[EventDate "2015.08.02"]
[PlyCount "84"]

1.e4 Nf6 2.Nc3 d5 3.exd5 Nxd5 4.Nxd5 Qxd5 5.Nf3 Nc6 6.Be2 e5 7.d3 Bg4 8.
O-O Be7 9.Be3 f5 10.Re1 O-O-O 11.a3 Bf6 12.Rb1 f4 13.Bd2 Qd6 14.b4 e4 15.
Nd4 Bxe2 16.Nxe2 exd3 17.cxd3 f3 18.Ng3 Qxd3 19.Be3 Qxd1 20.Rexd1 fxg2 21.
Kxg2 Ne5 22.Rbc1 Nd3 23.Rb1 Rd5 24.Ne4 Rhd8 25.Rd2 c6 26.Rbd1 b6 27.Kf1 
Bb2 28.Ke2 Nc1+ 29.Ke1 Rxd2 30.Rxd2 Bxa3 31.Rxd8+ Kxd8 32.Kd2 c5 33.bxc5 
Nb3+ 34.Kc3 Nxc5 35.Nxc5 Bxc5 36.Bxc5 bxc5 37.Kc4 Ke7 38.Kxc5 Ke6 39.Kc6 
Kf5 40.Kb7 a5 41.Kb6 a4 42.Kb5 a3 0-1

[Event "19th Asia-ch (w)"]
[Site "Al-Ain UAE"]
[Date "2015.08.02"]
[Round "1.27"]
[White "Nguyen Thi Mai Hung"]
[Black "Al-Maamari, Wafa Darwish"]
[Result "1-0"]
[WhiteElo "2227"]
[BlackElo "1500"]
[EventDate "2015.08.02"]
[PlyCount "79"]

1.d4 d5 2.Nf3 Nf6 3.e3 c6 4.Bd3 e6 5.Nbd2 Bd6 6.b3 Nbd7 7.Bb2 Qc7 8.O-O 
O-O 9.c4 dxc4 10.Nxc4 Re8 11.Nxd6 Qxd6 12.Rc1 Nf8 13.Ne5 N6d7 14.f4 f6 15.
Nc4 Qe7 16.Ba3 Qd8 17.Nd6 Re7 18.f5 Nb6 19.Nxc8 Rxc8 20.Bxe7 Qxe7 21.fxe6 
Nxe6 22.Qg4 Ng5 23.Rce1 Rd8 24.h4 Nf7 25.Qf5 h6 26.Rf4 Nd6 27.Qh7+ Kf8 28.
Rg4 Qf7 29.e4 Qg8 30.Qxg8+ Kxg8 31.e5 Re8 32.Kf2 fxe5 33.dxe5 Rf8+ 34.Kg3 
Nf7 35.e6 Nd6 36.e7 Re8 37.Bg6 Rc8 38.e8=Q+ Nxe8 39.Rxe8+ Rxe8 40.Bxe8 1-0

[Event "19th Asia-ch (w)"]
[Site "Al-Ain UAE"]
[Date "2015.08.03"]
[Round "2.1"]
[White "Nakhbaeva, Guliskhan"]
[Black "Tan Zhongyi"]
[Result "1/2-1/2"]
[WhiteElo "2327"]
[BlackElo "2512"]
[EventDate "2015.08.02"]
[PlyCount "71"]

1.d4 Nf6 2.c4 e6 3.Nf3 Bb4+ 4.Bd2 c5 5.Bxb4 cxb4 6.g3 b6 7.Bg2 Bb7 8.a3 
Qe7 9.axb4 Qxb4+ 10.Nc3 O-O 11.Qd3 Nc6 12.O-O Qe7 13.e4 d6 14.d5 Nb4 15.
Qd2 a5 16.Nd4 Rfe8 17.Rfd1 Ba6 18.b3 e5 19.Nc6 Qd7 20.f4 Nxc6 21.dxc6 Qxc6
22.Qxd6 Qxd6 23.Rxd6 a4 24.fxe5 Ng4 25.e6 fxe6 26.Bh3 h5 27.Bxg4 hxg4 28.
bxa4 Bxc4 29.Rd4 b5 30.e5 b4 31.Rxc4 bxc3 32.Rc6 Ra5 33.Rc1 Rxa4 34.R6xc3 
g6 35.h3 gxh3 36.Kh2 1/2-1/2

[Event "19th Asia-ch (w)"]
[Site "Al-Ain UAE"]
[Date "2015.08.03"]
[Round "2.2"]
[White "Padmini, Rout"]
[Black "Hejazipour, Mitra"]
[Result "1-0"]
[WhiteElo "2444"]
[BlackElo "2321"]
[EventDate "2015.08.02"]
[PlyCount "59"]

1.e4 c5 2.Nf3 d6 3.d4 cxd4 4.Nxd4 Nf6 5.Nc3 a6 6.Bg5 e6 7.Qe2 Be7 8.O-O-O 
Qc7 9.f4 Nbd7 10.g4 h6 11.Bh4 g5 12.fxg5 Nh7 13.Bg3 Bxg5+ 14.Kb1 Ne5 15.h4
Bf6 16.g5 Bg7 17.gxh6 Bxh6 18.Nf3 Rg8 19.Bh2 Nf6 20.Bh3 Bd7 21.Rhf1 Bg7 
22.Rxd6 Qxd6 23.Nxe5 Qc5 24.Nc4 e5 25.Bxd7+ Nxd7 26.Nd5 O-O-O 27.b4 Qa7 
28.Bg1 b6 29.Ne7+ Kb8 30.Nc6+ 1-0